[Event "Oberliga Bayern 0506"]
[Site "Bayern"]
[Date "2005.10.23"]
[Round "1.1"]
[White "Vavra, Pavel"]
[Black "Pichler, Juergen"]
[Result "0-1"]
[WhiteElo "2269"]
[BlackElo "2372"]
[PlyCount "84"]
[EventDate "2005.10.23"]
[EventType "team-tourn"]
[EventRounds "9"]
[EventCountry "GER"]
[SourceTitle "EXT 2007"]
[Source "ChessBase"]
[SourceDate "2006.11.23"]
[SourceVersion "1"]
[SourceVersionDate "2006.11.23"]
[SourceQuality "1"]
[WhiteTeam "Wuerzburg"]
[BlackTeam "Zirndorf"]
[WhiteTeamCountry "GER"]
[BlackTeamCountry "GER"]

1. d4 Nf6 2. Nf3 d5 3. c4 c6 4. e3 e6 5. Bd3 Nbd7 6. 0-0 Bd6 7. Nc3 Qe7 8. Nd2 e5 9. cxd5 cxd5 10. Nb5 Bb8 11. b3 e4 12. Ba3 Qe6 13. Be2 Kd8 14. Rc1 Ne8 15. f3 a6 16. Nc3 f5 17. fxe4 fxe4 18. Bg4 Qh6 19. Bh3 Ndf6 20. Rf2 Bxh3 21. gxh3 Qxh3 22. Nf1 b5 23. Ne2 Ra7 24. Nf4 Qd7 25. Qe1 Bd6 26. Bc5 Bxc5 27. Rxc5 g5 28. Ne2 Rf8 29. Neg3 Ng7 30. Qa5+ Ke7 31. Qb4 Ke8 32. Rfc2 Kf7 33. Rc6 Kg8 34. Rd6 Qg4 35. Rf2 Raf7 36. Rxa6 Qd1 37. Qd2 Qg4 38. a4 bxa4 39. bxa4 h5 40. Rg2 Qh3 41. Rf2 h4 42. Nh1 Ng4 0-1

[Event "Oberliga Bayern 0304"]
[Site "Bayern"]
[Date "2004.04.25"]
[Round "9.1"]
[White "Milov, Leonid"]
[Black "Pichler, Juergen"]
[Result "1/2-1/2"]
[WhiteElo "2449"]
[BlackElo "2370"]
[PlyCount "58"]
[EventDate "2003.10.12"]
[EventType "team-tourn"]
[EventRounds "9"]
[EventCountry "GER"]
[SourceTitle "EXT 2006"]
[Source "ChessBase"]
[SourceDate "2005.11.24"]
[SourceVersion "1"]
[SourceVersionDate "2005.11.24"]
[SourceQuality "1"]
[WhiteTeam "Nuernberg NT"]
[BlackTeam "Zirndorf"]
[WhiteTeamCountry "GER"]
[BlackTeamCountry "GER"]

1. Nf3 d5 2. c4 c6 3. d4 Nf6 4. Qc2 dxc4 5. Qxc4 Bf5 6. g3 Nbd7 7. Bg2 e6 8. 0-0 Be7 9. e3 0-0 10. b3 Rc8 11. Qe2 c5 12. Bb2 Qa5 13. Nbd2 Ne4 14. Nc4 Qa6 15. dxc5 Nexc5 16. Rfd1 Rfd8 17. Nd4 Be4 18. f3 Bg6 19. e4 Na4 20. bxa4 Qxc4 21. Qxc4 Rxc4 22. Nb5 Rxa4 23. Bf1 Nc5 24. Rxd8+ Bxd8 25. a3 Bb6 26. Kg2 h5 27. Rd1 Nxe4 28. fxe4 Bxe4+ 29. Kh3 Bf5+ 1/2-1/2

[Event "Oberliga Bayern 0102"]
[Site "Bayern"]
[Date "2002.04.14"]
[Round "8.1"]
[White "Kurz, Eugen"]
[Black "Pichler, Juergen"]
[Result "1/2-1/2"]
[WhiteElo "2295"]
[BlackElo "2380"]
[PlyCount "64"]
[EventDate "2001.10.07"]
[EventType "team"]
[EventRounds "9"]
[EventCountry "GER"]
[SourceTitle "EXT 2003"]
[Source "ChessBase"]
[SourceDate "2002.11.25"]
[SourceVersion "1"]
[SourceVersionDate "2002.11.25"]
[SourceQuality "1"]
[WhiteTeam "Schwabing"]
[BlackTeam "Zirndorf"]
[WhiteTeamCountry "GER"]
[BlackTeamCountry "GER"]

1. d4 d5 2. c4 c6 3. Nc3 Nf6 4. Nf3 a6 5. cxd5 cxd5 6. e3 e6 7. Ne5 Be7 8. Bd3 0-0 9. Bd2 b5 10. Rc1 Bb7 11. Qc2 Nbd7 12. f4 Rc8 13. Qb1 Nb6 14. 0-0 b4 15. Ne2 Ne4 16. Rxc8 Nxc8 17. Bxe4 dxe4 18. Rc1 Qd5 19. a3 f6 20. Nc4 a5 21. axb4 axb4 22. Qa1 Nd6 23. b3 Ra8 24. Qb2 Qb5 25. Kf2 Bd5 26. Qc2 Rc8 27. Nxd6 Rxc2 28. Nxb5 Rxd2 29. Rb1 Rc2 30. Ke1 Bc6 31. Nc7 Bd6 32. Nxe6 Bb5 1/2-1/2

[Event "Oberliga Bayern 0102"]
[Site "Bayern"]
[Date "2002.01.20"]
[Round "4.1"]
[White "Grundherr, Martin"]
[Black "Pichler, Juergen"]
[Result "1/2-1/2"]
[WhiteElo "2260"]
[BlackElo "2380"]
[PlyCount "48"]
[EventDate "2001.10.07"]
[EventType "team"]
[EventRounds "9"]
[EventCountry "GER"]
[SourceTitle "EXT 2003"]
[Source "ChessBase"]
[SourceDate "2002.11.25"]
[SourceVersion "1"]
[SourceVersionDate "2002.11.25"]
[SourceQuality "1"]
[WhiteTeam "Rosenheim Pang"]
[BlackTeam "Zirndorf"]
[WhiteTeamCountry "GER"]
[BlackTeamCountry "GER"]

1. e4 e6 2. d4 d5 3. Nc3 Bb4 4. Qf3 Nc6 5. Bb5 Bd7 6. Nge2 dxe4 7. Qxe4 Nf6 8. Qh4 Be7 9. Bg5 Nb4 10. Bxd7+ Qxd7 11. 0-0-0 0-0-0 12. Kb1 h6 13. Bc1 Qc6 14. a3 Nbd5 15. Qg3 Rhg8 16. Nxd5 Rxd5 17. Nc3 Rd7 18. Rhe1 Bd6 19. Qh3 Rgd8 20. Rd3 Bf8 21. Red1 Kb8 22. Qf3 Qxf3 23. Rxf3 Be7 24. Bf4 Nd5 1/2-1/2

[Event "Oberliga Bayern 0102"]
[Site "Bayern"]
[Date "2001.11.25"]
[Round "3.1"]
[White "Velicka, Petr"]
[Black "Pichler, Juergen"]
[Result "1/2-1/2"]
[WhiteElo "2460"]
[BlackElo "2380"]
[PlyCount "44"]
[EventDate "2001.10.07"]
[EventType "team"]
[EventRounds "9"]
[EventCountry "GER"]
[SourceTitle "EXT 2003"]
[Source "ChessBase"]
[SourceDate "2002.11.25"]
[SourceVersion "1"]
[SourceVersionDate "2002.11.25"]
[SourceQuality "1"]
[WhiteTeam "Passau"]
[BlackTeam "Zirndorf"]
[WhiteTeamCountry "GER"]
[BlackTeamCountry "GER"]

1. e4 c6 2. d4 d5 3. Nc3 dxe4 4. Nxe4 Nd7 5. Ng5 Ngf6 6. Bd3 e6 7. N1f3 Bd6 8. Qe2 h6 9. Ne4 Nxe4 10. Qxe4 c5 11. Bd2 Qc7 12. c3 Nf6 13. Qe2 b6 14. Bb5+ Ke7 15. dxc5 bxc5 16. Bd3 Rb8 17. b3 Bb7 18. c4 Rhd8 19. Bc3 Bxf3 20. Qxf3 Be5 21. Bc2 Bxc3+ 22. Qxc3 Rd4 1/2-1/2

[Event "Bundesliga 9899"]
[Site "Germany"]
[Date "1999.02.20"]
[Round "10.6"]
[White "Pichler, Juergen"]
[Black "Maier, Christian"]
[Result "1-0"]
[WhiteElo "2395"]
[BlackElo "2353"]
[PlyCount "67"]
[EventDate "1998.10.17"]
[EventType "team-tourn"]
[EventRounds "15"]
[EventCountry "GER"]
[SourceTitle "GER-chT"]
[Source "ChessBase"]
[SourceDate "1999.07.01"]
[SourceVersion "1"]
[SourceVersionDate "1999.07.01"]
[SourceQuality "1"]
[WhiteTeam "Passau"]
[BlackTeam "Zaehringen"]
[WhiteTeamCountry "GER"]
[BlackTeamCountry "GER"]

1. d4 Nf6 2. c4 e6 3. Nf3 c5 4. d5 exd5 5. cxd5 d6 6. Nc3 g6 7. h3 Bg7 8. e4 0-0 9. Bd3 b6 10. 0-0 Ba6 11. Bf4 Re8 12. Re1 c4 13. Bc2 Nh5 14. Bg5 Qc7 15. g4 Nf6 16. e5 dxe5 17. d6 Qc8 18. Bxf6 Bxf6 19. Be4 Bb7 20. Bxb7 Qxb7 21. Nd5 Nd7 22. Nxf6+ Nxf6 23. Nxe5 Rad8 24. Qd4 Re6 25. d7 Nxd7 26. Nxf7 Kxf7 27. Rxe6 Kxe6 28. Re1+ Kf7 29. Qxc4+ Kf8 30. Qf4+ Kg8 31. Re7 Qd5 32. Qh6 Qd1+ 33. Kg2 Qd5+ 34. f3 1-0

[Event "Bundesliga 9899"]
[Site "Germany"]
[Date "1999.01.31"]
[Round "9.6"]
[White "Pichler, Juergen"]
[Black "Borik, Otto"]
[Result "1-0"]
[WhiteElo "2395"]
[BlackElo "2415"]
[PlyCount "180"]
[EventDate "1998.10.17"]
[EventType "team-tourn"]
[EventRounds "15"]
[EventCountry "GER"]
[SourceTitle "GER-chT"]
[Source "ChessBase"]
[SourceDate "1999.07.01"]
[SourceVersion "1"]
[SourceVersionDate "1999.07.01"]
[SourceQuality "1"]
[WhiteTeam "Passau"]
[BlackTeam "Delmenhorst"]
[WhiteTeamCountry "GER"]
[BlackTeamCountry "GER"]

1. d4 Nf6 2. c4 c5 3. d5 b5 4. cxb5 a6 5. b6 d6 6. Nc3 Nbd7 7. e4 Qxb6 8. Nf3 g6 9. Be2 Bg7 10. Nd2 0-0 11. Nc4 Qc7 12. Bg5 Nb6 13. Ne3 Bd7 14. 0-0 Bb5 15. Rc1 Rfb8 16. b3 Nbd7 17. Qc2 Bxe2 18. Qxe2 Nb6 19. Kh1 Qb7 20. f4 a5 21. Qf3 Rf8 22. a4 Nc8 23. Rb1 Rb8 24. Nc4 Qa6 25. Nb5 Ne8 26. f5 Rxb5 27. axb5 Qxb5 28. Rfc1 a4 29. bxa4 Qxa4 30. Rb8 Nf6 31. fxg6 hxg6 32. Rb7 Qa6 33. Rb3 Qa4 34. Ra3 Qb4 35. h3 Nb6 36. Rb3 Qxc4 37. Rxc4 Nxc4 38. Qe2 Ne5 39. Rb7 Re8 40. Qb5 Kf8 41. Kg1 c4 42. Kf1 c3 43. Ke2 c2 44. Rb8 Rxb8 45. Qxb8+ Ne8 46. Qc8 f6 47. Be3 Nf7 48. Qxc2 Bh6 49. Bb6 Bf4 50. Qc8 Be5 51. Kd3 Nh6 52. Be3 Ng8 53. Kc4 Kf7 54. h4 Ng7 55. g4 Bg3 56. h5 g5 57. Kd3 Be5 58. Ke2 Bg3 59. Kf3 Be5 60. Bb6 Bf4 61. Bd8 Be5 62. Qd7 Kf8 63. h6 Nxh6 64. Bxe7+ Kg8 65. Bxd6 Nf7 66. Qc8+ Kh7 67. Be7 Kg6 68. Qf8 Bf4 69. d6 Ne5+ 70. Ke2 Nxg4 71. d7 Bc7 72. Bd6 Ba5 73. Kf3 Nh6 74. Qa8 Bb6 75. Qb8 Ba5 76. Bb4 g4+ 77. Kg2 Bxb4 78. d8Q Bc3 79. Qf8 Be5 80. Qa7 Nh5 81. Qe8+ Kg5 82. Qh7 Nf4+ 83. Kh1 g3 84. Qg7+ Kh4 85. Qxh6+ Kg4 86. Qd7+ Kf3 87. Qd1+ Kxe4 88. Qh7+ Ke3 89. Qhc2 g2+ 90. Kg1 f5 1-0

[Event "Bundesliga 9899"]
[Site "Germany"]
[Date "1999.01.30"]
[Round "8.6"]
[White "Heissler, Jakob"]
[Black "Pichler, Juergen"]
[Result "1/2-1/2"]
[WhiteElo "2450"]
[BlackElo "2395"]
[PlyCount "58"]
[EventDate "1998.10.17"]
[EventType "team-tourn"]
[EventRounds "15"]
[EventCountry "GER"]
[SourceTitle "GER-chT"]
[Source "ChessBase"]
[SourceDate "1999.07.01"]
[SourceVersion "1"]
[SourceVersionDate "1999.07.01"]
[SourceQuality "1"]
[WhiteTeam "Werder Bremen"]
[BlackTeam "Passau"]
[WhiteTeamCountry "GER"]
[BlackTeamCountry "GER"]

1. e4 e6 2. d3 d5 3. Nd2 c5 4. Ngf3 Nc6 5. g3 Nge7 6. Bg2 g6 7. 0-0 Bg7 8. exd5 exd5 9. d4 cxd4 10. Nb3 Bg4 11. h3 Bxf3 12. Qxf3 0-0 13. Nc5 Rc8 14. Nd3 Ne5 15. Nxe5 Bxe5 16. Re1 Qd6 17. Qb3 Rfd8 18. Re2 b6 19. Bg5 Bf6 20. Bf4 Qc5 21. Rae1 Nc6 22. h4 d3 23. Qxd3 Bxb2 24. Bh3 Bc3 25. Rd1 Ra8 26. h5 Bf6 27. Rde1 Nd4 28. Rd2 Nc6 29. Rde2 Nd4 1/2-1/2

[Event "Bundesliga 9899"]
[Site "Germany"]
[Date "1998.10.18"]
[Round "2.5"]
[White "Hellsten, Johan"]
[Black "Pichler, Juergen"]
[Result "1/2-1/2"]
[WhiteElo "2460"]
[BlackElo "2395"]
[PlyCount "87"]
[EventDate "1998.10.17"]
[EventType "team-tourn"]
[EventRounds "15"]
[EventCountry "GER"]
[SourceTitle "GER-chT"]
[Source "ChessBase"]
[SourceDate "1999.07.01"]
[SourceVersion "1"]
[SourceVersionDate "1999.07.01"]
[SourceQuality "1"]
[WhiteTeam "Neukoelln"]
[BlackTeam "Passau"]
[WhiteTeamCountry "GER"]
[BlackTeamCountry "GER"]

1. d4 Nf6 2. c4 e6 3. Nf3 d5 4. Nc3 c6 5. Qb3 dxc4 6. Qxc4 b5 7. Qd3 Bb7 8. a3 b4 9. axb4 Bxb4 10. e4 c5 11. e5 Nfd7 12. Bd2 cxd4 13. Qxd4 Nc6 14. Qg4 0-0 15. Bb5 Qb6 16. Bh6 g6 17. Bxc6 Bxc6 18. 0-0 Rfc8 19. Ng5 Bxc3 20. bxc3 Qc5 21. Qf4 Qe7 22. c4 f5 23. exf6 Qxf6 24. Qd6 e5 25. Ne6 Re8 26. Qxc6 Qxe6 27. Qxe6+ Rxe6 28. Rfd1 Nf6 29. Ra5 Kf7 30. Bg5 a6 31. c5 Rc8 32. f3 Rec6 33. Be3 Ke6 34. Rb1 Nd5 35. Bf2 Nc7 36. h4 Nb5 37. Re1 Rd8 38. Ra4 Rd5 39. h5 Kf6 40. hxg6 hxg6 41. Rea1 Nd4 42. Rxa6 Rdxc5 43. Rxc6+ Rxc6 44. Kf1 1/2-1/2

[Event "Bundesliga 9798"]
[Site "Germany"]
[Date "1998.04.26"]
[Round "15.4"]
[White "Mueller, Karsten"]
[Black "Pichler, Juergen"]
[Result "1/2-1/2"]
[WhiteElo "2505"]
[BlackElo "2395"]
[PlyCount "34"]
[EventDate "1997.10.18"]
[EventType "team-tourn"]
[EventRounds "15"]
[EventCountry "GER"]
[SourceTitle "GER-chT"]
[Source "ChessBase"]
[SourceDate "1999.07.01"]
[SourceVersion "1"]
[SourceVersionDate "1999.07.01"]
[SourceQuality "1"]
[WhiteTeam "Hamburger SK"]
[BlackTeam "Passau"]
[WhiteTeamCountry "GER"]
[BlackTeamCountry "GER"]

1. e4 c6 2. d4 d5 3. exd5 cxd5 4. c4 Nf6 5. Nc3 e6 6. Nf3 Bb4 7. cxd5 Nxd5 8. Bd2 Nc6 9. Bd3 0-0 10. 0-0 Be7 11. Be4 Nf6 12. Bxc6 bxc6 13. Bg5 Bb7 14. Na4 c5 15. Nxc5 Bxf3 16. gxf3 Qd5 17. Ne4 Rfd8 1/2-1/2

[Event "Bundesliga 9798"]
[Site "Germany"]
[Date "1998.03.28"]
[Round "12.5"]
[White "Pichler, Juergen"]
[Black "Schoene, Ralf"]
[Result "1-0"]
[WhiteElo "2395"]
[BlackElo "2435"]
[PlyCount "103"]
[EventDate "1997.10.18"]
[EventType "team-tourn"]
[EventRounds "15"]
[EventCountry "GER"]
[SourceTitle "GER-chT"]
[Source "ChessBase"]
[SourceDate "1999.07.01"]
[SourceVersion "1"]
[SourceVersionDate "1999.07.01"]
[SourceQuality "1"]
[WhiteTeam "Passau"]
[BlackTeam "Neukoelln"]
[WhiteTeamCountry "GER"]
[BlackTeamCountry "GER"]

1. d4 c5 2. d5 e5 3. e4 d6 4. Nc3 a6 5. a4 g6 6. Be2 b6 7. Nf3 Bg7 8. 0-0 Nh6 9. Nd2 0-0 10. Nc4 f5 11. Rb1 Nf7 12. b4 Nd7 13. bxc5 bxc5 14. Bd2 Nf6 15. exf5 gxf5 16. f4 e4 17. Rb3 Kh8 18. Qb1 Rg8 19. Kh1 Qe7 20. Nb6 Ra7 21. Nd1 Bb7 22. Ne3 Nh6 23. Bc3 Qf7 24. Qd1 Qg6 25. Rf2 a5 26. Qa1 Ba6 27. Bxa6 Rxa6 28. Nbc4 Ra7 29. h3 Qg3 30. Kg1 Qg6 31. Nxd6 Nxd5 32. Nxd5 Qxd6 33. Nf6 Rf8 34. Rd2 Qxd2 35. Bxd2 Bxf6 36. Qe1 Bd4+ 37. Kh2 Rd7 38. c3 Bg7 39. Rb5 c4 40. Be3 Rd3 41. Bd4 Bxd4 42. cxd4 e3 43. Re5 Nf7 44. Rxe3 Rxd4 45. Rg3 Rg8 46. Qc3 Rgd8 47. Qxa5 Rd3 48. Qxf5 Rxg3 49. Kxg3 Kg7 50. Qc5 Rd3+ 51. Kh2 Nd6 52. a5 1-0

[Event "Bundesliga 9798"]
[Site "Germany"]
[Date "1997.11.08"]
[Round "3.5"]
[White "Roos, Louis"]
[Black "Pichler, Juergen"]
[Result "1-0"]
[WhiteElo "2365"]
[BlackElo "2395"]
[PlyCount "105"]
[EventDate "1997.10.18"]
[EventType "team-tourn"]
[EventRounds "15"]
[EventCountry "GER"]
[SourceTitle "GER-chT"]
[Source "ChessBase"]
[SourceDate "1999.07.01"]
[SourceVersion "1"]
[SourceVersionDate "1999.07.01"]
[SourceQuality "1"]
[WhiteTeam "Zaehringen"]
[BlackTeam "Passau"]
[WhiteTeamCountry "GER"]
[BlackTeamCountry "GER"]

1. c4 c6 2. Nf3 d5 3. e3 Nf6 4. b3 Bg4 5. Bb2 e6 6. h3 Bh5 7. Be2 Nbd7 8. Nc3 Bd6 9. 0-0 0-0 10. Rc1 a6 11. cxd5 cxd5 12. Nd4 Bxe2 13. Qxe2 Qe7 14. f4 Ba3 15. d3 Rfc8 16. Bxa3 Qxa3 17. Rc2 Rc7 18. Ncb5 Rxc2 19. Nxa3 Rxe2 20. Nxe2 Kf8 21. Rc1 Ke7 22. Kf2 Kd6 23. Nd4 Rg8 24. Nf3 h6 25. g4 Nc5 26. Ke2 Nfd7 27. b4 Na4 28. e4 Nab6 29. e5+ Ke7 30. Rc7 Rb8 31. Nd4 Kd8 32. Rc1 Rc8 33. Rg1 g5 34. f5 Ke7 35. f6+ Ke8 36. Nf3 Nf8 37. Kd2 Ng6 38. Rh1 Nd7 39. d4 Nb6 40. h4 Na4 41. Nb1 Rc4 42. hxg5 hxg5 43. Ke3 Rc2 44. Nxg5 Nb2 45. Rh7 Nc4+ 46. Kf3 Rc1 47. Nxf7 Nf8 48. Nd6+ Nxd6 49. Re7+ Kd8 50. exd6 Rxb1 51. f7 Ng6 52. Rxe6 Rf1+ 53. Kg3 1-0

[Event "Bundesliga 9798"]
[Site "Germany"]
[Date "1997.10.18"]
[Round "1.4"]
[White "Pichler, Juergen"]
[Black "Nijboer, Friso"]
[Result "0-1"]
[WhiteElo "2395"]
[BlackElo "2605"]
[PlyCount "92"]
[EventDate "1997.10.18"]
[EventType "team-tourn"]
[EventRounds "15"]
[EventCountry "GER"]
[SourceTitle "GER-chT"]
[Source "ChessBase"]
[SourceDate "1999.07.01"]
[SourceVersion "1"]
[SourceVersionDate "1999.07.01"]
[SourceQuality "1"]
[WhiteTeam "Passau"]
[BlackTeam "Koeln Porz"]
[WhiteTeamCountry "GER"]
[BlackTeamCountry "GER"]

1. d4 Nf6 2. c4 g6 3. Nc3 Bg7 4. e4 d6 5. Nf3 0-0 6. Be2 e5 7. d5 Na6 8. Bg5 h6 9. Bh4 Bd7 10. Nd2 c6 11. 0-0 Rc8 12. a3 Re8 13. Rc1 Qe7 14. b4 c5 15. Rb1 h5 16. Bg5 Qf8 17. Nb3 cxb4 18. axb4 Nxb4 19. Be3 b6 20. Nd2 Na6 21. Ra1 Nc5 22. Rxa7 Bh6 23. Nb3 Ra8 24. Rxa8 Rxa8 25. Nxc5 bxc5 26. Qd2 Bxe3 27. Qxe3 Ra3 28. Qc1 Rb3 29. f4 Qe7 30. f5 Kg7 31. Rf3 Nh7 32. fxg6 fxg6 33. Nd1 Rb8 34. Nf2 Qg5 35. Qe1 Nf6 36. Bf1 Rb2 37. Qa5 Bg4 38. Qc7+ Kh6 39. Nxg4+ hxg4 40. Rd3 Nxe4 41. Qf7 Rf2 42. Qxf2 Nxf2 43. Kxf2 Qf4+ 44. Ke1 e4 45. Rg3 e3 46. Be2 Qd4 0-1

[Event "Bundesliga 9697"]
[Site "Germany"]
[Date "1997.??.??"]
[Round "?.4"]
[White "Pichler, Juergen"]
[Black "Naumann, Alexander"]
[Result "1-0"]
[WhiteElo "2400"]
[BlackElo "2380"]
[PlyCount "81"]
[EventDate "1996.10.12"]
[EventType "team-tourn"]
[EventRounds "15"]
[EventCountry "GER"]
[SourceTitle "GER-chT"]
[Source "ChessBase"]
[SourceDate "1999.07.01"]
[SourceVersion "1"]
[SourceVersionDate "1999.07.01"]
[SourceQuality "1"]
[WhiteTeam "Passau"]
[BlackTeam "Magdeburg"]
[WhiteTeamCountry "GER"]
[BlackTeamCountry "GER"]

1. d4 d5 2. c4 e6 3. Nc3 c6 4. Nf3 dxc4 5. a4 Bb4 6. e3 b5 7. Bd2 a5 8. axb5 Bxc3 9. Bxc3 cxb5 10. b3 Bb7 11. d5 Nf6 12. bxc4 b4 13. Bxf6 Qxf6 14. Qa4+ Nd7 15. Nd4 e5 16. Nb3 Ke7 17. Be2 Rhc8 18. 0-0 Qd6 19. f4 Nc5 20. fxe5 Qxe5 21. Nxc5 Rxc5 22. Rf3 Bc8 23. Raf1 f6 24. Qc2 g6 25. Rxf6 Bf5 26. R1xf5 gxf5 27. Re6+ Qxe6 28. dxe6 a4 29. Qd2 a3 30. Qd7+ Kf6 31. Qf7+ Ke5 32. e7 Rcc8 33. Qd5+ Kf6 34. Qd6+ Kg7 35. Qe5+ Kg6 36. Qe6+ Kg7 37. Qe5+ Kg6 38. Bf3 Rab8 39. Bc6 Kf7 40. Bd5+ Ke8 41. Qe6 1-0

[Event "Bundesliga 9697"]
[Site "Germany"]
[Date "1996.??.??"]
[Round "?.5"]
[White "Maiwald, Jens Uwe"]
[Black "Pichler, Juergen"]
[Result "1-0"]
[WhiteElo "2490"]
[BlackElo "2400"]
[PlyCount "57"]
[EventDate "1996.10.12"]
[EventType "team-tourn"]
[EventRounds "15"]
[EventCountry "GER"]
[SourceTitle "GER-chT"]
[Source "ChessBase"]
[SourceDate "1999.07.01"]
[SourceVersion "1"]
[SourceVersionDate "1999.07.01"]
[SourceQuality "1"]
[WhiteTeam "Dresden"]
[BlackTeam "Passau"]
[WhiteTeamCountry "GER"]
[BlackTeamCountry "GER"]

1. Nf3 d5 2. g3 Nf6 3. Bg2 g6 4. 0-0 Bg7 5. d3 0-0 6. c3 a5 7. a4 Nc6 8. Nbd2 e5 9. e4 dxe4 10. dxe4 b6 11. Re1 Ba6 12. Qb3 Nd7 13. Bf1 Nc5 14. Qd5 Bb7 15. Qa2 Qf6 16. h3 h6 17. Nh2 h5 18. Ndf3 Nd8 19. Bg5 Qe6 20. Bc4 Qe8 21. Bd5 Bxd5 22. exd5 e4 23. Nd2 Ndb7 24. f3 Qd7 25. fxe4 Qxh3 26. Re3 Qd7 27. e5 c6 28. d6 Rfe8 29. Nc4 1-0

[Event "Bundesliga 9697"]
[Site "Germany"]
[Date "1996.??.??"]
[Round "?.4"]
[White "Pichler, Juergen"]
[Black "Beckemeier, Werner"]
[Result "0-1"]
[WhiteElo "2400"]
[BlackElo "2365"]
[PlyCount "82"]
[EventDate "1996.10.12"]
[EventType "team-tourn"]
[EventRounds "15"]
[EventCountry "GER"]
[SourceTitle "GER-chT"]
[Source "ChessBase"]
[SourceDate "1999.07.01"]
[SourceVersion "1"]
[SourceVersionDate "1999.07.01"]
[SourceQuality "1"]
[WhiteTeam "Passau"]
[BlackTeam "Delmenhorst"]
[WhiteTeamCountry "GER"]
[BlackTeamCountry "GER"]

1. d4 Nf6 2. c4 e6 3. Nf3 d5 4. Nc3 Nbd7 5. Bg5 c6 6. e3 Qa5 7. Nd2 Bb4 8. Qc2 0-0 9. Be2 e5 10. 0-0 exd4 11. Nb3 Qb6 12. exd4 dxc4 13. Bxc4 a5 14. a3 Bd6 15. Rad1 a4 16. Nd2 Qxd4 17. Ba2 Qc5 18. Be3 Qh5 19. Nf3 Bc5 20. Bf4 Nb6 21. Ne2 Qf5 22. Qc1 Nfd5 23. Bb1 Qh5 24. Be5 Be7 25. Ng3 Qh6 26. Qc2 f5 27. Ba2 f4 28. Ne2 Kh8 29. Ned4 Qg6 30. Qxg6 hxg6 31. Rfe1 g5 32. Nd2 Bg4 33. f3 Bd7 34. Ne4 c5 35. Ne2 Bc6 36. N2c3 Ne3 37. Rc1 Nbc4 38. Bxc4 Nxc4 39. Nf2 Rae8 40. Nd3 Ne3 41. h4 c4 0-1

[Event "Passau op 4th"]
[Site "Passau"]
[Date "1996.??.??"]
[Round "6"]
[White "Pichler, Juergen"]
[Black "Dunsbach, Ralf"]
[Result "1-0"]
[WhiteElo "2330"]
[BlackElo "2135"]
[PlyCount "65"]
[EventDate "1996.04.??"]
[EventType "swiss"]
[EventRounds "7"]
[EventCountry "GER"]
[SourceTitle "EXT 2001"]
[Source "ChessBase"]
[SourceDate "2000.11.22"]
[SourceVersion "1"]
[SourceVersionDate "2000.11.22"]
[SourceQuality "1"]

1. d4 Nf6 2. c4 g6 3. Nc3 d5 4. Nf3 Bg7 5. Bg5 Ne4 6. cxd5 Nxg5 7. Nxg5 e6 8. Nh3 exd5 9. Nf4 c6 10. e3 Bf5 11. Be2 0-0 12. 0-0 Qe7 13. Qb3 Bc8 14. a3 Nd7 15. Qb4 Qd8 16. Rfc1 Nf6 17. Na4 Ne4 18. Nc5 Nxc5 19. Qxc5 Bd7 20. b4 Re8 21. b5 Bf8 22. Qc3 Bd6 23. bxc6 Bxc6 24. Nd3 Rc8 25. Qb3 Bb8 26. Bf3 Qd6 27. g3 Red8 28. Rc2 Kg7 29. Rac1 Rc7 30. Kg2 b6 31. Qb4 Qf6 32. Ne5 Rd6 33. Rc3 1-0

[Event "Bundesliga 9596"]
[Site "Germany"]
[Date "1996.??.??"]
[Round "?.5"]
[White "Pichler, Juergen"]
[Black "Enders, Peter"]
[Result "0-1"]
[WhiteElo "2420"]
[BlackElo "2495"]
[PlyCount "112"]
[EventDate "1995.10.14"]
[EventType "team-tourn"]
[EventRounds "15"]
[EventCountry "GER"]
[SourceTitle "GER-chT"]
[Source "ChessBase"]
[SourceDate "1999.07.01"]
[SourceVersion "1"]
[SourceVersionDate "1999.07.01"]
[SourceQuality "1"]
[WhiteTeam "Passau"]
[BlackTeam "Duisburg"]
[WhiteTeamCountry "GER"]
[BlackTeamCountry "GER"]

1. d4 Nf6 2. c4 g6 3. Nc3 Bg7 4. e4 d6 5. f4 0-0 6. Nf3 c5 7. d5 e6 8. Be2 exd5 9. cxd5 Bg4 10. 0-0 Nbd7 11. Re1 Re8 12. h3 Bxf3 13. Bxf3 a6 14. a4 Qa5 15. g4 h6 16. Be3 Rad8 17. Kg2 c4 18. Qd2 Nc5 19. Bxc5 Qxc5 20. h4 Nd7 21. a5 Qd4 22. Qxd4 Bxd4 23. Na4 g5 24. Rad1 Ba7 25. e5 gxf4 26. exd6 Be3 27. Nc3 Nc5 28. Be2 Nb3 29. Bxc4 Nxa5 30. Ba2 b5 31. Kf3 Kg7 32. Ne4 b4 33. g5 b3 34. Bb1 Nc4 35. Nf6 Rh8 36. Nh5+ Kf8 37. Nxf4 hxg5 38. hxg5 Bxf4 39. Kxf4 Nxb2 40. Rc1 Rh4+ 41. Kg3 Rc4 42. Rxc4 Nxc4 43. Bd3 Nxd6 44. Ra1 Nb7 45. Bc4 Nc5 46. Kf4 Re8 47. Kf5 b2 48. Rg1 Rb8 49. Ba2 Na4 50. g6 Nc3 51. Rh1 fxg6+ 52. Ke6 Kg7 53. Bb1 Nxb1 54. Rxb1 a5 55. d6 a4 56. d7 a3 0-1

[Event "Bundesliga 9697"]
[Site "Germany"]
[Date "1996.??.??"]
[Round "?.5"]
[White "Pichler, Juergen"]
[Black "Volke, Karsten"]
[Result "1-0"]
[WhiteElo "2400"]
[BlackElo "2475"]
[PlyCount "143"]
[EventDate "1996.10.12"]
[EventType "team-tourn"]
[EventRounds "15"]
[EventCountry "GER"]
[SourceTitle "GER-chT"]
[Source "ChessBase"]
[SourceDate "1999.07.01"]
[SourceVersion "1"]
[SourceVersionDate "1999.07.01"]
[SourceQuality "1"]
[WhiteTeam "Passau"]
[BlackTeam "Berlin Empor"]
[WhiteTeamCountry "GER"]
[BlackTeamCountry "GER"]

1. d4 Nf6 2. c4 g6 3. Nc3 Bg7 4. e4 d6 5. f4 0-0 6. Nf3 Na6 7. Be2 e5 8. fxe5 dxe5 9. d5 Nc5 10. Bg5 h6 11. Bxf6 Qxf6 12. b4 Nd7 13. Rb1 c5 14. dxc6 bxc6 15. 0-0 Rd8 16. Qa4 Nb6 17. Qb3 Qf4 18. Kh1 Qe3 19. c5 Be6 20. Qc2 Nd7 21. Ba6 Rab8 22. Rbe1 Qf4 23. a3 g5 24. Nd2 Qh4 25. Nc4 Bxc4 26. Bxc4 Nf6 27. Re3 Rd4 28. Be2 g4 29. b5 Qg5 30. Qc1 Rc8 31. Bd3 h5 32. Ne2 Bh6 33. Nxd4 exd4 34. Rf5 Qxe3 35. Qxe3 Bxe3 36. Rxf6 cxb5 37. c6 a6 38. e5 Bg5 39. Rd6 Be7 40. Be4 f5 41. Bd5+ Kf8 42. Rg6 Bd8 43. Kg1 d3 44. Kf1 h4 45. h3 g3 46. Rg8+ Ke7 47. Rg7+ Ke8 48. Rg8+ Ke7 49. Rh8 f4 50. Rxh4 Ba5 51. Rh7+ Kd8 52. Rd7+ Ke8 53. Be4 Rc7 54. Rxd3 Re7 55. Ke2 Bc7 56. Kf3 Bxe5 57. h4 Kf7 58. h5 Kg7 59. Kg4 Kh6 60. Bf3 Rf7 61. Rd5 Bc7 62. Rd3 Be5 63. Rd8 Bc7 64. Re8 Rg7+ 65. Kf5 Rf7+ 66. Ke6 Rg7 67. Kf6 Ba5 68. Rh8+ Rh7 69. Rg8 Rc7 70. Rg6+ Kh7 71. Be4 Kh8 72. Rh6+ 1-0